Statistiques concernant Paroles "L'amour est un cadeau" - La reine des neiges

Cliquez ici pour prendre le quiz!

Statistiques générales

  • Ce quiz a été pris 248 fois
  • Le résultat moyen est 146 sur 168

Statistiques - réponses

PersonnageParoles% Correct
L'amour
97%
cadeau
96%
est
96%
un
96%
à
95%
de
95%
je
95%
AnnaJe
95%
que
93%
vous
93%
ce
92%
nous
92%
se
92%
le
91%
Le
91%
ma
91%
Anna | HansPour
91%
AnnaToute
91%
des
90%
j'ai
90%
90%
vie
90%
HansC'est
89%
Anna & HansEt
89%
me
89%
Anna & HansQui
89%
qui
89%
suis
89%
une
89%
amour
88%
comme
88%
n'ai
88%
ne
88%
si
87%
jour
86%
mon
86%
Notre
86%
plus
86%
sur
86%
du
85%
jusqu'à
85%
passé
85%
portes
85%
sont
85%
Anna | HansAvec
84%
beau
84%
coeur
84%
dire
84%
fermées
84%
Nos
84%
sentiment
84%
tombée
84%
âmes
83%
Aux
83%
évident
83%
jusqu'au
83%
seule
83%
bien
82%
façon
82%
l'expliquer
82%
nouveau
82%
personne
82%
AnnaToutes
82%
cette
81%
trouvé
81%
adieu
80%
ai
80%
bonne
80%
connais
80%
dites
80%
Dites
80%
j'allais
80%
vos
80%
autant
79%
Chips
79%
découvert
79%
étoile
79%
fête
79%
phrases
79%
ressemble
79%
temps
79%
chercher
78%
HansComment
78%
grande
78%
royale
78%
attend
77%
inconnu
77%
régale
77%
expliquer
76%
personnel
76%
synchronisées
76%
finisse
75%
HansQu'un
75%
vu
75%
aussi
74%
douleurs
72%
AnnaQuoi
72%
parce
66%
sera
62%
monde
46%
désire
38%

Distribution des résultats

Percentile par nombre de réponses

% des personnes avec chaque résultat

Votre développement - résultats

Vous n’avez pas pris ce quiz